[Event "Moscow op-B"]
[Site "Moscow"]
[Date "2009.02.06"]
[Round "7"]
[White "Subbotin, Andrey"]
[Black "Litvinov, Viktor"]
[Result "0-1"]
[WhiteElo "2043"]
[BlackElo "2125"]
[PlyCount "83"]
[EventDate "2009.01.31"]
[EventType "swiss"]
[EventRounds "9"]
[EventCountry "RUS"]
[SourceTitle "EXT 2012"]
[Source "ChessBase"]
[SourceDate "2011.11.24"]
[SourceVersion "1"]
[SourceVersionDate "2011.11.24"]
[SourceQuality "1"]

1. Nf3 c5 2. g3 g6 3. Bg2 Bg7 4. 0-0 Nc6 5. e4 Nf6 6. d3 d5 7. Nbd2 0-0 8. Re1 e6 9. c3 a5 10. h3 d4 11. c4 a4 12. Nf1 e5 13. N3h2 Bd7 14. Ng4 Nxg4 15. hxg4 Nb4 16. f4 b5 17. a3 Na6 18. f5 bxc4 19. dxc4 Rb8 20. Qc2 Rb3 21. Rd1 Nb8 22. Rd3 Rxd3 23. Qxd3 Nc6 24. Bd2 Na5 25. Bxa5 Qxa5 26. g5 f6 27. gxf6 Rxf6 28. Bf3 gxf5 29. exf5 Bxf5 30. Be4 Bxe4 31. Qxe4 Qb6 32. Rc1 Kh8 33. Rc2 Rf8 34. Rh2 h6 35. Rf2 Rxf2 36. Kxf2 Qxb2+ 37. Kg1 Qb6 38. Qa8+ Kh7 39. Qe4+ Qg6 40. Nd2 h5 41. Kf2 Qxe4 42. Nxe4 0-1

[Event "Moscow op-B"]
[Site "Moscow"]
[Date "2009.02.04"]
[Round "5"]
[White "Subbotin, Andrey"]
[Black "Voronkov, Denis"]
[Result "1/2-1/2"]
[WhiteElo "2043"]
[BlackElo "1960"]
[PlyCount "51"]
[EventDate "2009.01.31"]
[EventType "swiss"]
[EventRounds "9"]
[EventCountry "RUS"]
[SourceTitle "EXT 2012"]
[Source "ChessBase"]
[SourceDate "2011.11.24"]
[SourceVersion "1"]
[SourceVersionDate "2011.11.24"]
[SourceQuality "1"]

1. Nf3 d5 2. d4 e6 3. Bf4 f5 4. c4 c6 5. e3 Nf6 6. Nc3 Be7 7. Bd3 0-0 8. h3 Ne4 9. g4 Qa5 10. Bxe4 fxe4 11. Ne5 Nd7 12. 0-0 Nxe5 13. Bxe5 Rf3 14. Kg2 Qd8 15. Ne2 Bd6 16. Bxd6 Qxd6 17. c5 Qc7 18. Ng1 Rf8 19. f3 b6 20. Qa4 bxc5 21. fxe4 Rxf1 22. Rxf1 cxd4 23. exd5 exd5 24. exd4 Bd7 25. Qa3 Re8 26. Nf3 1/2-1/2

[Event "Moscow op-B 04th"]
[Site "Moscow"]
[Date "2008.02.07"]
[Round "6"]
[White "Pikulev, Vyacheslav"]
[Black "Subbotin, Andrey"]
[Result "0-1"]
[WhiteElo "2215"]
[BlackElo "2029"]
[PlyCount "37"]
[EventDate "2008.02.02"]
[EventType "swiss"]
[EventRounds "9"]
[EventCountry "RUS"]
[SourceTitle "CBM 122 Extra"]
[Source "ChessBase"]
[SourceDate "2008.03.04"]
[SourceVersion "1"]
[SourceVersionDate "2008.03.04"]
[SourceQuality "1"]

1. e4 c5 2. Ne2 Nc6 3. Nbc3 g6 4. g3 Bg7 5. Bg2 e6 6. d3 Nge7 7. Be3 Nd4 8. 0-0 d6 9. Qd2 0-0 10. Rae1 Rb8 11. Nd1 Re8 12. Nxd4 cxd4 13. Bh6 Bh8 14. f4 f5 15. Nf2 Qb6 16. b3 Bd7 17. g4 Bc6 18. Re2 fxg4 19. Nxg4 0-1

[Event "Moscow op-B 04th"]
[Site "Moscow"]
[Date "2008.02.03"]
[Round "2"]
[White "Subbotin, Andrey"]
[Black "Haroutjunian, Dmitri"]
[Result "0-1"]
[WhiteElo "2029"]
[BlackElo "2268"]
[PlyCount "80"]
[EventDate "2008.02.02"]
[EventType "swiss"]
[EventRounds "9"]
[EventCountry "RUS"]
[SourceTitle "CBM 122 Extra"]
[Source "ChessBase"]
[SourceDate "2008.03.04"]
[SourceVersion "1"]
[SourceVersionDate "2008.03.04"]
[SourceQuality "1"]

1. Nf3 Nf6 2. g3 d5 3. Bg2 g6 4. 0-0 Bg7 5. d3 0-0 6. Nbd2 c5 7. e4 Nc6 8. c3 Qc7 9. Qc2 Rd8 10. Re1 e5 11. Nf1 h6 12. Bd2 Be6 13. Ne3 Rd7 14. c4 dxe4 15. dxe4 Nd4 16. Nxd4 cxd4 17. Nd5 Nxd5 18. exd5 Bxd5 19. Bxd5 Rxd5 20. Qd3 Rc5 21. Rac1 Rc8 22. b3 b5 23. f3 Qd7 24. Bb4 R5c6 25. Re2 a6 26. c5 a5 27. Bxa5 Rxc5 28. Rxc5 Rxc5 29. Bb4 Rc1+ 30. Kg2 Qd5 31. h4 h5 32. Kf2 Rc6 33. a3 Re6 34. a4 bxa4 35. bxa4 e4 36. Qb5 e3+ 37. Kg2 Qxb5 38. axb5 Rb6 39. Rc2 Rxb5 40. Rc4 d3 0-1

[Event "Moscow op-B 04th"]
[Site "Moscow"]
[Date "2008.02.02"]
[Round "1"]
[White "Koshevoy, Sergey Vladimirovic"]
[Black "Subbotin, Andrey"]
[Result "1/2-1/2"]
[WhiteElo "2284"]
[BlackElo "2029"]
[PlyCount "55"]
[EventDate "2008.02.02"]
[EventType "swiss"]
[EventRounds "9"]
[EventCountry "RUS"]
[SourceTitle "CBM 122 Extra"]
[Source "ChessBase"]
[SourceDate "2008.03.04"]
[SourceVersion "1"]
[SourceVersionDate "2008.03.04"]
[SourceQuality "1"]

1. d4 Nf6 2. c4 g6 3. Nc3 Bg7 4. e4 0-0 5. Nf3 d6 6. h3 e5 7. d5 Nh5 8. Nh2 Nd7 9. g3 Nc5 10. b4 Na6 11. Rb1 f5 12. Rb3 Nf6 13. Bg2 Bd7 14. Qe2 c5 15. dxc6 bxc6 16. c5 Nc7 17. cxd6 Nce8 18. exf5 gxf5 19. b5 cxb5 20. Qxe5 Rc8 21. 0-0 b4 22. Nd5 Kh8 23. Qe7 Bb5 24. Re1 Qxd6 25. Qxd6 Nxd6 26. Ne7 a5 27. Rbe3 f4 28. gxf4 1/2-1/2